| 000 | 00843nam a2200229 a 4500 | ||
|---|---|---|---|
| 003 | 0 | ||
| 005 | 20250203094418.0 | ||
| 008 | 130830s19uu xx 00 eng d | ||
| 050 |
_aPGS GV 711 _b.P142 2013 |
||
| 100 | _aPaidi, Sai Meghana | ||
| 245 |
_aSports participation and study habits / _cSai Meghana Paidi. |
||
| 260 |
_aLas PiƱas City, Philippines : _bSouthville International School and Colleges, _c2013. |
||
| 300 |
_a28 p. : _bill. ; _c28 cm. |
||
| 504 | _aIncludes bibliographical references. | ||
| 650 | _aSports in education. | ||
| 650 |
_aStudent athletes _vAcademic performance. |
||
| 650 |
_aVarsity sports _vEducation aspects. |
||
| 650 |
_a Sports participation _vImpact on study habits. |
||
| 650 |
_aStudy habits _vStudent athletes. |
||
| 650 |
_aAcademic achievement _vAthletic participation. |
||
| 942 |
_2lcc _cPASS |
||
| 999 |
_c99067 _d99067 |
||